Príbehy môjho života prvých päťdesiat rokov

Bibliographic Details
Main Author: Sztakó, Zsolt, 1967- (Author)
Other Authors: Rožňová, Jitka, 1976- (Translator)
Format: Book
Language:Slovak
Hungarian
PhysicalDescription:175 strán fotografie 19 cm
Published: Bratislava Spolok Madách 2024
ISBN:9788089833429
Edition:Prvé vydanie
Subjects:

MARC

LEADER 00000cam a2200000 4500
001 vtls012273352
003 SK-MaSNL
005 20260426003958.0
008 250314s2024 xo o g 000 1aslo
015 |a SNBA2025/04 
020 |a 9788089833429  |q (viazané) 
040 |a SNK  |b slo  |c SNK  |e rda 
041 1 |a slo  |h hun 
044 |a xo  |c SK 
072 7 |a 82  |x Literatúra. Literárny život  |2 konspekt 
072 7 |a 821.511.1  |x Ugrofínske literatúry  |2 konspekt 
072 7 |a 929  |x Biografie  |2 konspekt 
080 |a 82-051  |2 2011 
080 |a 821.511.141-32  |2 2011 
080 |a (092)  |2 2011 
100 1 |a Sztakó, Zsolt,  |d 1967-  |4 aut  |9 253373 
245 1 0 |a Príbehy môjho života  |b prvých päťdesiat rokov  |c Zsolt Sztakó ; preklad: Jitka Rožňová 
250 |a Prvé vydanie 
264 1 |a Bratislava  |b Spolok Madách  |c 2024 
300 |a 175 strán  |b fotografie  |c 19 cm 
336 |a text  |b txt  |2 rdacontent 
336 |a statický obraz  |b sti  |2 rdacontent 
337 |a bez média  |b n  |2 rdamedia 
338 |a zväzok  |b nc  |2 rdacarrier 
500 |a Preložené z maďarčiny 
600 1 7 |a Sztakó, Zsolt,  |d 1967-  |2 SNKMA  |9 253373 
650 0 7 |a maďarskí spisovatelia  |2 SNKPH  |9 55632 
650 0 7 |a Hungarian writers  |2 SNKPHeng  |9 317037 
651 7 |a Slovensko  |2 SNKPHgeo  |9 14231 
651 7 |a Slovakia  |2 SNKPHeng  |9 92630 
655 7 |a autobiografie  |2 SNKPH  |9 70280 
655 7 |a Autobiography  |2 SNKPHeng  |9 283613 
655 7 |a maďarské prózy  |2 SNKPH  |9 70733 
655 7 |a Hungarian prose  |2 SNKPHeng  |9 313663 
700 1 |a Rožňová, Jitka,  |d 1976-  |4 trl  |9 90598 
852 |a Slovenská národná knižnica 
919 |a 978-80-89833-42-9 
954 |a beletria cudzojazyčná (svetová)  |2 lita 
958 |a BX 
958 |a HU 
999 |c 960461  |d 962391 
952 |a SNK  |b SNK  |y PREZ  |7 0  |p 17A1562571  |o snkSD 93180  |i snk2025/4605  |8 0  |0 0  |1 0  |4 0  |d 2025-03-14  |l 0  |r 2026-02-24 10:17:19  |w 2026-02-24 
952 |a SNK  |b SNK  |y VYP  |7 0  |p 17A1562573  |o snkSD 93180 D1  |i snk2025/4606  |8 0  |0 0  |1 0  |4 0  |d 2025-03-14  |l 0  |r 2026-02-24 10:17:19  |w 2026-02-24